| 000 | 00618nam a2200145 a 4500 | ||
|---|---|---|---|
| 008 | 120416s1964 ||||||||||||||||| || u | ||
| 050 | _aSB 472 Eck | ||
| 100 | _aEckbo, Garrett | ||
| 245 | 1 | 0 | _aUrban landscape design |
| 260 |
_aNew York _bMcGraw-Hill _c1964 |
||
| 300 | _avii, 248p. : ill. | ||
| 350 | _a0.00 | ||
| 995 |
_aMAIN LIBRARY OPEN ACCESS _D0.00 _e013434 _FCBU-MAIN LIBRARY (Kitwe) _H2 _I0.00 _jSB 472 Eck _ULOST _y013434 _ZMain Library Open Access Collection |
||
| 995 |
_aMAIN LIBRARY OPEN ACCESS _D0.00 _e704611 _FCBU-MAIN LIBRARY (Kitwe) _H1 _I0.00 _jSB 472 Eck _M1 _UAVAILABLE _y017889 _ZMain Library Open Access Collection |
||
| 999 |
_c78567 _d78567 |
||